00379nam a2200145Ia 4500008004100000020001500041041000800056082001800064100001900082245005200101250000600153260003700159300000800196650002900204210716s2001 xx 000 0 und d a817722090X aeng a004.6005 AUSB aAustin, Brian. aWeb page design: in easy steps.bIn easy steps. a1 aNew DelhibDreamtech Pressc2001 a186 aWeb Design & Development